Ultimate Eurovision fan quiz - Statistics

General Stats
  • This quiz has been taken 12 times
    9 since last reset
  • The average score is 42 of 60
Answer Stats
question Answer % Correct
when was the contest first broadcast? 1956
100%
how many semi finals are there before the final? 2
100%
how many countries are allowed in a grand final? 26
100%
how many people can be on stage at one time during a performance? 6
100%
what country has won the most times? ireland
100%
how old was the youngest winner from Belgium; Sandra Kim in 1986? 13
86%
how many countries typically take part in a semi final? 18
86%
what year did ABBA win? 1974
86%
what year were the semi finals introduced? 2004
86%
what year did the bearded lady, otherwise known as Conchita Wurst win? 2014
86%
what year did Australia have their eurovision stage debut? 2015
86%
what is the maximum length of a eurovision song? 3 minutes
86%
how many winners songs have been performed with barefeet? 5
86%
how many countries took part in the first contest? 7
86%
which eurovision winner is known for his Violin in the song Fairytale? 2009 Alexander Rybak
86%
what country was 2014's winner' Conchita Wurst from? Austria
86%
true or false: Australia won the competition in 2018 false
86%
what was the winning song in 2015, sung by Swede Mans Zelmerlow? Heroes
86%
where was the 2017 contest held in Ukraine? Kiev
86%
which country won the 2019 Contest with Arcade performed by Duncan Laurence? Netherlands
86%
what country has won the second most times after Ireland's 7 times? Sweden
86%
Before Amar Pelos Dois won with 758 points, which country had the highest amount of points with Euphoria? sweden
86%
where did the 2019 comptition take place? Tel aviv
86%
true or false: Madonna was an interval act in 2019 true
86%
true or false: 2016 had the most viewers worldwide with 204 million viewers true
86%
true or false: Hard Rock Hallelujah was Performed by lordi for Finland true
86%
true or false: abba's name consists of the members first names letters? true
86%
which austrian city played host for the 2015 competition? Vienna
86%
what song did ABBA perform in 1974? Waterloo
86%
has Monaco ever entered the competition? Yes
86%
what year did 2016 winner Jamala sing about to do with russian deportations of ukrainians? ww2 1944
71%
what year did the contest have 4 winners? 1969
71%
what year did Serbia debut and then won that years contest first entry? 2007
71%
what year did the West end legend Sir Andrew Lloyd weber appear on stage? 2007
71%
what year was the competition first broadcast in America? 2016
71%
what year did Justin Timberlake perform in stockholm? trolls came out that year 2016
71%
what year was the voting process split in two? 2016
71%
what month does the contest take place? May
71%
what country has come in last place the most times? clue scandinavian Norway
71%
what country had the entry of Dancing Lasha Tumbai in 2007 with Verka Serduchka? Ukraine
71%
when did the UK first win? 1967
57%
what year was the first time it was broadcast in colour? 1968
57%
what is the largest number of nations to take part? 2008,2011 and 2018? 43
57%
how many years did portugal have to wait for their first win? 49
57%
what song has the highest amount of points ever in eurovision history? 2017 amar pelos dois
57%
what is the collective name that France, Germany, Uk, Spain, Italy known as? big five
57%
who sang both Ne partez pas sans moi and my heart will go on Celine Dion
57%
which irish singer has won twice for Ireland? Johnny Logan
57%
what was the title of the 1997 winners song by Katrina and the Waves? Love shine a light
57%
who joined Petra Mede in hosting the 2016 contest in stockholm sweden? Mans zelmerlow
57%
how long has the final run for the past 5 years? nearest hour 4 hours
43%
Which UK city played host that year? Brighton
43%
who says take it away after the votes have been verified ? initials are JOS Jon Ola Sand
43%
what was he song called that Mans zelmerlow and Petra Mede sang in the final interval? Love Love Peace Peace
43%
what channel does the final air on in the UK? BBC one
29%
what was the comedy movie about the contest released in 2020 with will Ferrell called? Eurovision song contest the story of fire saga
29%
who took over the narrating of the competition from Terry Wogan in 2009? Graham Norton
29%
what colour is the carpet that the singers walk the sunday before the competition starts? green
29%
what did Bucks fizz use to rip of the girls skirts in 1981? Velcro
29%
How many La's were sang in spains entry in 1968? 138
0%
No matching quizzes found
Score Distribution
Percent of People with Each Score
Percentile by Number Answered
Your Score History
You have not taken this quiz since the last reset